| 000 | 00707nam a2200217 a 4500 | ||
|---|---|---|---|
| 999 |
_c10261 _d10261 |
||
| 001 | 10261 | ||
| 003 | BD-JhCC | ||
| 005 | 20180422093441.0 | ||
| 008 | 171001s1997 bg |||| ||a| 000 f ben d | ||
| 020 | _a984555170X | ||
| 035 | _a(BD-JhCC)10261 | ||
| 040 |
_aBD-JhCC _dBD-JhCC |
||
| 041 | _aben | ||
| 082 |
_a891.4409 _bNAZ 1997 |
||
| 245 |
_aনজরুলের কাব্যনুবাদ / _cমুহম্মদ নূরুল হুদা; রশিদুন নবী (সম্পা.) |
||
| 260 |
_aঢাকা : _bনজরুল ইন্সটিটিউট, _c1997. |
||
| 300 |
_a224 p. ; _c22 cm. |
||
| 650 | _aBengali Literature | ||
| 942 |
_2ddc _cBK |
||